| 000 | 004150000a22001810004500 | ||
|---|---|---|---|
| 003 | MACL | ||
| 005 | 20151023111039.0 | ||
| 008 | 151023b xxu||||| |||| 00| 0 eng d | ||
| 040 |
_aMACL _cMACL |
||
| 041 | _aEnglish | ||
| 082 | _a954/BAS | ||
| 100 |
_aBasak, B _916348 |
||
| 245 | _aBankshall Court | ||
| 260 |
_bNaya Prokash _c1977 _aCalcutta |
||
| 350 | _a30 | ||
| 650 |
_aHistory _916349 |
||
| 942 |
_cBK _k954 _2ddc |
||
| 999 |
_c6930 _d6930 |
||